000 00639nam a2200289Ia 4500
005 20260324150749.0
008 008 260324s9999 xx 000 0 eng d
020 _a9781315563640
037 _aEBOOK
040 _aCRL
040 _beng
040 _cCRL
041 _2eng
041 _aeng
084 _qCRL
100 _aF. A. Lea
_91119129
245 0 _aCarlyle
245 0 _bProphet of To-day
260 _bTaylor and Francis
260 _c1943
365 _a
365 _b180
856 _uhttp://www.taylorfrancis.com/books/9781315563640
942 _cEBOOK
999 _c1837570
_d1837570